000 00758nam a22002297a 4500
005 20170124110011.0
010 _aB-167007
020 _c450.00
_a8178294524
035 _aB-167007
037 _bCen Lib/Ret
040 _aDPL
_bEN
082 _a355.0092254
_bSIN
100 _aSingh, V. K.
_990094
245 _aLeaderhip in the Indian army :
_cby V. K. Singh
_bbiographies of twelve soldiers /
260 _aNew Delhi
_bSage Publications
_c2005
270 _bNew Delhi
_aB-42, Panchsheel Enclave
_e110017
300 _a417p. :
_c18cm(pbk)
_bill.
500 _aIncludes bibliographical references
650 _aBiographies of Indian soldiers.
_990095
650 _aThe men who rule India.
_990096
942 _2ddc
_cEN
_h355.0092254
_mSIN
999 _c126531
_d126531